00480nam a2200181Ia 4500008004100000020001800041050001500059050001400074245003700088245005600125260001700181260002000198260000900218300001600227300002000243300001100263650002400274160303s9999 xx 000 0 und d a971-23-1930-X aFIL BT 340 b.L54 1998 4aThe Life our Lord Jesus Christ / caranged, edited and published by Juan M.H. Ledesma. aMakati City: bSt. Paul Press. c1998 a403 pages : billustrations ; c17 cm. aJesus Christ, Life.